00992nam a2200265 i 450000100060000000300090000600500170001500700030003200800410003502000180007608000120009408000120010624501170011826000350023530000220027049000590029250400330035165000290038470000330041370000410044683000670048785200330055499900170058795201220060411360ES-MaACL20230906150102.0t|960430s1994 fr ||||1| fre d a92-3-202742-9 a297"19" a008:29702aL'Individu et la société en Islam / cDirecteur de volume: A. Bouhdiba ; codirecteur: M. Ma'ruf al-Dawalibi. aParis : bUNESCO, ccop. 1994. a480 p. ; c24 cm.1 aLes différents aspects de la culture islamique ; v2 aBibliografía : p. 465-478.14aIslamismo-yS.XX.9139131 aBouhdiba, Abdelwahab.9308781 aAl-Dawalibi, Muhammad Ma'ruf.9190460 aLes différents aspects de la culture islamique ; v29228195 aES-MaACLjL-18658 bR.124885 c11360d11360 00104070aATENEOMbATENEOMcDEPO2d2008-01-17eSCl0oL-18658p1011583r2023-02-23 00:00:00w2023-02-23yMONOGRAFIA